| 000 | 00904nam a2200121Ia 4500 | ||
|---|---|---|---|
| 008 | 220620s9999||||xx |||||||||||||| ||und|| | ||
| 245 | 0 |
_aNL ARMS Netherlands Annual Review of Military Studies 2020 _bDeterrence in the 21st Century—Insights from Theory and Practice |
|
| 546 | _aEnglish[eng] | ||
| 650 | _aPublic International Law||International Security Studies||Political Science and International Relations, general||Politics and International Studies||Deterrence theory||Conventional deterrence||Nuclear deterrence||Deterring terrorists||Cyber deterrence||Cross-domain deterrence||Non-Western deterrence concepts||AI and deterrence||Deterrence and peacekeeping||Fifth wave deterrence theory||Open access||International relations||Politics & government | ||
| 700 | _aOsinga, Frans||Sweijs, Tim | ||
| 856 | _uhttps://library.oapen.org/bitstream/20.500.12657/47298/1/9789462654198.pdf | ||
| 942 | _cEB | ||
| 999 |
_c22330 _d22330 |
||